00909cam a2200241 a 450000100100000000500170001000800410002704000240006808200160009210000470010824500350015526000440019030000210023449000360025550500830029165000300037465000420040483000440044691000340049004900090052495201190053399900150065200000749020200929154205.0940420s1969 sp 000 0 spa d aDO-SdBNPcTxDWdDLC a864.4bO77n1 aOrtega y Gasset, José,d1883-1955.9576910aNotas /cJose Ortega y Gasset. aMadrid :bRevista de Occidente,cc1969. a156 p. ;c19 cm.1 aSelecta de revista de occidente0 aNotas de andar y ver -- Notas de arte y filosofía -- Notas del vago estío. 4aEnsayos españoles93095 4aLiteratura españolaySIGLO XX93326 0aSelecta de revista de occidente.920806 aCatalogación por copia / LC aBNGR 001052708MOaGRbGRcCTd2009-09-08iLF1l0o864.4 O77np7490-10r2020-06-25w2020-06-25y2ZPréstamo interno c7271d7271